000 00350nam a2200133Ia 4500
008 240624s9999 xx 000 0 und d
041 _aeng
082 _a658.812 MOO
100 _aMOONEY KELLY
245 _aTEN DEMANDMENTS RULES TO LIVE BY IN AGE
260 _c2003
_aNew Delhi
_bTata McGrawhill
300 _axviii, : 266 : p. : cm. ; 23
365 _cRS
999 _c973
_d973